Physical metallurgy (Record no. 81894)
[ view plain ]
| 000 -LEADER | |
|---|---|
| fixed length control field | 00913nam a2200205 a 4500 |
| 008 - FIXED-LENGTH DATA ELEMENTS--GENERAL INFORMATION | |
| fixed length control field | 120416s1983 ||||||||||||||||| || u |
| 020 ## - INTERNATIONAL STANDARD BOOK NUMBER | |
| International Standard Book Number | 8120302354 |
| 050 ## - LIBRARY OF CONGRESS CALL NUMBER | |
| Classification number | TN 690 Rag |
| 100 ## - MAIN ENTRY--PERSONAL NAME | |
| Personal name | Raghavan, V |
| 245 10 - TITLE STATEMENT | |
| Title | Physical metallurgy |
| 246 ## - | |
| -- | principles and practice |
| 260 ## - PUBLICATION, DISTRIBUTION, ETC. | |
| Place of publication, distribution, etc. | New Delhi |
| Name of publisher, distributor, etc. | Prentice-Hall of India |
| Date of publication, distribution, etc. | 1983 |
| 300 ## - PHYSICAL DESCRIPTION | |
| Extent | xiv, 258p.: ill. |
| 350 ## - | |
| -- | 0.00 |
| 650 ## - SUBJECT ADDED ENTRY--TOPICAL TERM | |
| Topical term or geographic name entry element | PHYSICAL METALLURGY |
| 650 ## - SUBJECT ADDED ENTRY--TOPICAL TERM | |
| Topical term or geographic name entry element | ENGINEERING |
| 995 ## - | |
| -- | ANNEX COLLECTION (Main Library) |
| -- | 0.00 |
| -- | 732780 |
| -- | CBU-MAIN LIBRARY (Kitwe) |
| -- | 1 |
| -- | 15.00 |
| -- | TN 690 Rag |
| -- | 1 |
| -- | AVAILABLE |
| -- | 44781 |
| -- | Annex Low-Usage Collection |
| 995 ## - | |
| -- | ANNEX COLLECTION (Main Library) |
| -- | 0.00 |
| -- | 732782 |
| -- | CBU-MAIN LIBRARY (Kitwe) |
| -- | 2 |
| -- | 15.00 |
| -- | TN 690 Rag |
| -- | 2 |
| -- | AVAILABLE |
| -- | 53147 |
| -- | Annex Low-Usage Collection |
| 995 ## - | |
| -- | BINDERY (DAMAGED) |
| -- | 0.00 |
| -- | 732781 |
| -- | CBU-MAIN LIBRARY (Kitwe) |
| -- | 3 |
| -- | 15.00 |
| -- | TN 690 Rag |
| -- | 1 |
| -- | DAMAGED |
| -- | 044779 |
| -- | Main Library Open Access Collection |
| 999 ## - | |
| -- | 81894 |
| -- | 81894 |
| Withdrawn status | Lost status | Source of classification or shelving scheme | Damaged status | Not for loan | Permanent Location | Current Location | Shelving location | Date acquired | Total Checkouts | Full call number | Barcode | Date last seen | Copy number | Price effective from | Koha item type |
|---|---|---|---|---|---|---|---|---|---|---|---|---|---|---|---|
| CBU-MAIN LIBRARY, KITWE. | CBU-MAIN LIBRARY, KITWE. | 09/12/2023 | TN 690 Rag | 44781 | 09/12/2023 | 1 | 09/12/2023 | MONOGRAPH | |||||||
| CBU-MAIN LIBRARY, KITWE. | CBU-MAIN LIBRARY, KITWE. | 09/12/2023 | TN 690 Rag | 53147 | 09/12/2023 | 2 | 09/12/2023 | MONOGRAPH | |||||||
| CBU-MAIN LIBRARY, KITWE. | CBU-MAIN LIBRARY, KITWE. | 09/12/2023 | TN 690 Rag | 044779 | 09/12/2023 | 3 | 09/12/2023 | MONOGRAPH |